000
00239nam a22001217a 4500
082
_a
474
_b
VAR/D
100
_a
VARMA, MAHADEVI
245
_a
DEEPA GEETH
260
_a
DELHI
_b
RAJPAL
300
_a
102
650
_a
POETRY
_z
INDIA
942
_c
BK
999
_c
4416
_d
4416